| 000 | 00614nam a2200169 i 4500 | ||
|---|---|---|---|
| 001 | 146058 | ||
| 003 | ES-MaACL | ||
| 005 | 20230906201412.0 | ||
| 007 | t| | ||
| 008 | 071018s1984 sp ||||1| spa d | ||
| 100 | 1 |
_aVega Gutiérrez, José Luis de la. _9113608 |
|
| 245 | 1 | 0 |
_aMedio siglo de medicina en Alicante _b: (historia del Ilustre Colegio de Médicos, 1894-1936) / _cJosé Luis de la Vega Gutiérrez. |
| 260 |
_aAlicante : _bCaja de Ahorros Provincial, _c1984. |
||
| 300 |
_a275 p. : _bil. ; _c22 cm. |
||
| 710 | 2 |
_aCaja de Ahorros Provincial de Alicante. _92280 |
|
| 852 |
_aES-MaACL _jL-6765 _bR.106823 |
||
| 999 |
_c146058 _d146058 |
||